La escultura funeraria en Extremadura : (Record no. 194046)

MARC details
000 -LEADER
campo de control de longitud fija 03153nam a2200409 i 4500
001 - NÚMERO DE CONTROL
campo de control 194046
003 - IDENTIFICADOR DE NÚMERO DE CONTROL
campo de control ES-MaACL
005 - FECHA Y HORA DE LA ÚLTIMA TRANSACCIÓN
campo de control 20260216183913.0
008 - DATOS DE LONGITUD FIJA--INFORMACIÓN GENERAL
campo de control de longitud fija 240219s2023 sp 000 0 spa d
017 ## - NÚMERO DE COPYRIGHT O DE DEPÓSITO LEGAL
Número de copyright o de depósito legal CC 00284-2023
Agencia que asigna Oficina Depósito Legal Cáceres
020 ## - NÚMERO INTERNACIONAL ESTÁNDAR DEL LIBRO
Número Internacional Estándar del Libro 9788412725032
040 ## - FUENTE DE CATALOGACIÓN
Centro catalogador/agencia de origen ES-MaCSI
Lengua de catalogación spa
Centro/agencia transcriptor ES-MaACL
080 ## - NÚMERO DE LA CLASIFICACIÓN DECIMAL UNIVERSAL
Número de la Clasificación Decimal Universal 726.821(460.25)
100 1# - ENTRADA PRINCIPAL--NOMBRE DE PERSONA
Nombre de persona Ramos Rubio, José Antonio,
Fechas asociadas al nombre 1963-
Término indicativo de función/relación Autor
9 (RLIN) 174430
245 13 - MENCIÓN DEL TÍTULO
Título La escultura funeraria en Extremadura :
Resto del título el culto a los antepasados en la historia de Extremadura /
Mención de responsabilidad, etc. José Antonio Ramos Rubio, José Luis Pérez Mena, Oscar de San Macario Sánchez
Medio [Texto impreso]
260 ## - PUBLICACIÓN, DISTRIBUCIÓN, ETC.
Lugar de publicación, distribución, etc. Cáceres :
Nombre del editor, distribuidor, etc. Tau Editores,
Fecha de publicación, distribución, etc. D.L. 2023.
264 ## - PRODUCCIÓN, PUBLICACIÓN, DISTRIBUCIÓN, FABRICACIÓN Y COPYRIGHT
Producción, publicación, distribución, fabricación y copyright ©2023
300 ## - DESCRIPCIÓN FÍSICA
Extensión 216 páginas :
Otras características físicas ilustrado ;
Dimensiones 23 cm
336 ## - TIPO DE CONTENIDO
Fuente rdacontent
Término de tipo de contenido texto
337 ## - TIPO DE MEDIO
Fuente rdamedia
Nombre/término del tipo de medio sin mediación
338 ## - TIPO DE SOPORTE
Fuente rdacarrier
Nombre/término del tipo de soporte volumen
504 ## - NOTA DE BIBLIOGRAFÍA, ETC.
Nota de bibliografía, etc. Bibliografía: páginas 199-216
520 ## - RESUMEN, ETC.
Sumario, etc. El libro versa sobre el fenómeno funerario extremeño con una visión completa, desde la Prehistoria hasta la realidad más próxima, con una clara labor de investigación, trabajo de campo, identificación, contextualización e interpretación de las obras y piezas, no siempre fáciles de contextualizar por la carencia de información, pero que los autores han sabido analizar con éxito y constancia. Dentro de cada uno de los períodos históricos, hay un capítulo inicial de análisis, que recoge y da forma a lo recolectado en el segundo, en forma de catálogo, donde se describe de forma pormenorizada cada resto funerario, y se interpreta desde el punto de vista del autor los puntos más controvertidos. También, se analiza el mundo de las mentalidades y del pensamiento mágico-religioso en los que se basa la ritualidad y costumbres funerarias que dan lugar a estas esculturas funerarias o monumentos fúnebres. La historiografía artística de Extremadura se viene consolidando en los últimos años gracias a una serie de estudios construidos con rigor científico. La escultura funeraria extremeña adolece aún de investigaciones. Este desinterés proviene del desinterés que ha tenido en nuestra región el mundo funerario no sólo en la Prehistoria sino también en otras épocas de la Historia.
650 #7 - PUNTO DE ACCESO ADICIONAL DE MATERIA--TÉRMINO DE MATERIA
Término de materia o nombre geográfico como elemento de entrada Sepulcros-
Subdivisión geográfica España
9 (RLIN) 153086
650 #0 - PUNTO DE ACCESO ADICIONAL DE MATERIA--TÉRMINO DE MATERIA
Término de materia o nombre geográfico como elemento de entrada Escultura funeraria-
Subdivisión geográfica Extremadura
Fuente del encabezamiento o término CSICAU
9 (RLIN) 235662
700 1# - ENTRADA AGREGADA--NOMBRE PERSONAL
9 (RLIN) 234891
Nombre de persona Pérez Mena, José Luis,
Fechas asociadas al nombre 1962-
Término indicativo de función/relación Autor
700 ## - ENTRADA AGREGADA--NOMBRE PERSONAL
9 (RLIN) 235664
Nombre de persona San Macario Sánchez, Óscar de
Término indicativo de función/relación Autor
852 ## - LOCALIZACIÓN
Ubicación ES-MaACL
Sublocalización o colección R.155067
Ubicación en estantería Depósito J
Número de control de estantería N-9835
Encuadernación Encuadernación rústica con solapas
Donativo/Legado Donación: José Antonio Ramos Rubio ; Jose Luis Pérez Mena ; Oscar de San Macario Sánchez
itemnumber 202181
903 ## - NOMBRE PERSONAL DE DONANTE
a Ramos Rubio, José Antonio,
d 1963-
e Donante
9 174430
903 ## - NOMBRE PERSONAL DE DONANTE
9 234891
a Pérez Mena, José Luis,
d 1962-
e Donante
903 ## - NOMBRE PERSONAL DE DONANTE
9 235664
a San Macario Sánchez, Óscar de
e Donante
942 ## - ELEMENTOS DE ENTRADA SECUNDARIOS (KOHA)
Tipo de ítem Koha Libro impreso
Suprimir en OPAC No
Holdings
Estatus retirado Estado de pérdida Fuente del sistema de clasificación o colocación Estado de daño No para préstamo Biblioteca de origen Biblioteca actual Ubicación en estantería Fecha de adquisición Fuente de adquisición Total de préstamos Signatura topográfica completa Código de barras Visto por última vez Precio de reemplazo Tipo de ítem Koha
    Clasificación decimal universal     Biblioteca del Ateneo de Madrid Biblioteca del Ateneo de Madrid Depósito J 07/05/2024 Donación   N-9835 101227495 07/05/2024 07/05/2024 Libro impreso